| 000 | 00520nam a2200181Ia 4500 | ||
|---|---|---|---|
| 008 | 100920s9999 xx 000 0 und d | ||
| 082 |
_b31375 _a891.461 थ 74 |
||
| 100 | _aपवार दया. | ||
| 245 | _aकोंडवाडा. | ||
| 260 |
_bमागोवा प्रकाशन, पुणे 4. _c1974 |
||
| 300 |
_a60 _bसाधी |
||
| 365 | _b5 | ||
| 520 | _aपदय. | ||
| 630 | _aकोंडवाडा. | ||
| 650 | _aपदय. | ||
| 730 | _aकोंडवाडा. | ||
| 942 | _cBOOK | ||
| 999 |
_c686583 _d686580 |
||